Το θεατρικό παιχνίδι : (παιδαγωγική θεωρία, πρακτική και θεατρολογική προσέγγιση)
Αποθηκεύτηκε σε:
| Κύριος συγγραφέας: | |
|---|---|
| Μορφή: | Βιβλίο |
| Γλώσσα: | Greek |
| Δημοσίευση: |
Αθήνα :
Καστανιώτης,
1991.
|
| Σειρά: | Αισθητική αγωγή του παιδιού
|
| Θέματα: | |
| Ετικέτες: |
Προσθήκη ετικέτας
Δεν υπάρχουν, Καταχωρήστε ετικέτα πρώτοι!
|
MARC
| LEADER | 00000cam a2200000 i 4500 | ||
|---|---|---|---|
| 001 | 1/21438 | ||
| 008 | 961002s1991 gr | ||| |||| ||gre|| | ||
| 020 | |a 9600301417 | ||
| 035 | |a 1992 |b 1 |c Βιβλιοθήκη |l 10036302 | ||
| 040 | |a GR-MY-UA |b gre |e aacr | ||
| 041 | 0 | |a gre | |
| 082 | 7 | |a 372.1332 |2 (22) | |
| 100 | 1 | |a Κουρετζής, Λάκης. | |
| 245 | 1 | 3 | |a Το θεατρικό παιχνίδι : |b (παιδαγωγική θεωρία, πρακτική και θεατρολογική προσέγγιση) / |c Λάκης Κουρετζής. |
| 260 | |a Αθήνα : |b Καστανιώτης, |c 1991. | ||
| 300 | |a 255 σ. : |b εικ. ; |c 24 εκ. | ||
| 490 | 1 | |a (Αισθητική αγωγή του παιδιού) | |
| 650 | 0 | 0 | |a Drama in education. |
| 650 | 0 | 0 | |a Play. |
| 650 | 0 | 0 | |a Children's plays. |
| 830 | 0 | |a Αισθητική αγωγή του παιδιού | |
| 852 | |a INST |b RHODES |e 19961002 |h 372.1332 ΚΟΥ |p 005400008249 |q 005400008249 |t BK |y 0 | ||
| 909 | |a Ρ |b 021891 | ||
| 922 | |a 4ΕΛΗ |b 199201 |c ΒΙΒΛΙΟΘΗΚΗ | ||
| 970 | |a ΧΟΡΟΖΙΔΟΥ |b ΤΖΕΝΗ |z 1999/11/29 | ||